000 00463nab a2200145Ia 4500
003 ES-SlBCS
005 20210601133736.0
008 140529s2001 xxu||||| |||| 00| 0 por d
041 _apor
100 1 _aFerreira, Lenira Weil
_9209035
245 0 0 _aUm Olhar Escolanovista sobre a Educaçao Brasileira
_c Lenira Weil Ferreira
600 1 4 _aAzevedo, Fernando
_9138754
773 0 _tEducaçao e Filosofia
_gvol. 15, nº. 29, 2001, págs. 77-93
_wRev1534
942 _cAR
999 _c601382
_d601382